Cases in financial management / (Record no. 528862)
[ view plain ]
| 000 -LEADER | |
|---|---|
| fixed length control field | 00655cam a2200193 a 4500 |
| 020 ## - INTERNATIONAL STANDARD BOOK NUMBER | |
| International Standard Book Number | 0131483439 |
| 100 1# - MAIN ENTRY--PERSONAL NAME | |
| Personal name | Stretcher, Robert. |
| 245 10 - TITLE STATEMENT | |
| Title | Cases in financial management / |
| Statement of responsibility, etc. | Robert Stretcher, Timothy B. Michael. |
| 260 ## - PUBLICATION, DISTRIBUTION, ETC. | |
| Place of publication, distribution, etc. | Upper Saddle River, N.J. : |
| Name of publisher, distributor, etc. | Prentive Hall, |
| Date of publication, distribution, etc. | 2005. |
| 300 ## - PHYSICAL DESCRIPTION | |
| Extent | xi, 188 p. ; |
| Dimensions | 23 cm. |
| 942 ## - ADDED ENTRY ELEMENTS (KOHA) | |
| Source of classification or shelving scheme | |
| Koha item type | Book |
| 650 #0 - SUBJECT ADDED ENTRY--TOPICAL TERM | |
| Topical term or geographic name entry element | Business enterprises |
| 650 #0 - SUBJECT ADDED ENTRY--TOPICAL TERM | |
| Topical term or geographic name entry element | Corporations |
| 700 1# - ADDED ENTRY--PERSONAL NAME | |
| Personal name | Michael, Timothy B. |
| 650 #0 - SUBJECT ADDED ENTRY--TOPICAL TERM | |
| -- | 20663 |
| 650 #0 - SUBJECT ADDED ENTRY--TOPICAL TERM | |
| -- | 20664 |
| 700 1# - ADDED ENTRY--PERSONAL NAME | |
| -- | 20665 |
| Withdrawn status | Lost status | Source of classification or shelving scheme | Damaged status | Not for loan | Permanent Location | Current Location | Shelving location | Date acquired | Total Checkouts | Full call number | Barcode | Date last seen | Price effective from | Koha item type |
|---|---|---|---|---|---|---|---|---|---|---|---|---|---|---|
| Central Library (CL) | Central Library (CL) | Management Sciences | 09/14/2019 | 658.15 | NBS8179 | 09/14/2019 | 09/14/2019 | Book |
